Los apócrifos cristianos en sus textos

Saved in:
Bibliografiske detaljer
Hovedforfatter: Gounelle, Rémi (Author)
Format: Bog
Sprog:spansk
Udgivet: Pamplona Verbo Divino 2010
Serier:Documentos en Torno a la Biblia, 38
Fag:
Tags: Tilføj Tag
Ingen Tags, Vær først til at tagge denne postø!

MARC

LEADER 00000cam a2200000 a 4500
001 UCG7905
003 CL-VaPUC
008 111021e20100000SP |||||||||||||||||spa|d
020 |a 9788499451268 
082 0 4 |a 229  |b GOU  |2 21 
100 0 |a Gounelle, Rémi  |e author  |9 558405 
245 1 4 |a Los apócrifos cristianos en sus textos 
300 |a 186 p 
942 |c BK 
945 |d 20111021 00:00:00  |a dcastane 
260 |a Pamplona  |b Verbo Divino  |c 2010 
650 0 |a Biblia  |9 257603 
650 0 |a Antiguo testamento   |9 313678 
650 0 |a Evangelios apócrifos   |9 269345 
583 |a last modification  |c 20111021 10:47:00  |k Rodrigo Vera 
490 0 |a Documentos en Torno a la Biblia, 38 
999 |c 345593  |d 345591 
952 |0 0  |1 0  |4 0  |6 229_000000000000000_GOU_2010  |7 0  |8 A  |9 444506  |a BIBTEO  |b BIBTEO  |d 2019-11-22  |i 4782755  |o 229 GOU 2010  |p 4782755  |r 2025-01-17  |w 2019-11-22  |y BK  |k ICR